| 000 | 02022cam a22004934i 4500 | ||
|---|---|---|---|
| 003 | PE-LiUPU | ||
| 005 | 20250731173540.0 | ||
| 008 | 150623s r 000 0 d | ||
| 020 | _a0802841023 | ||
| 035 | _a(Sirsi) i9780802841025 | ||
| 040 |
_aPE-LiUPU _bspa _cPE-LiUPU _erda |
||
| 049 | _aPRUA | ||
| 082 | 0 | 4 |
_a264.001 _bD33 _221 |
| 100 | 1 |
_aMarva, Dawn J., _eautor. |
|
| 245 | 1 | 0 |
_aReaching out without dumbing down : _ba theology of worship for this urgent time / _cMarva J. Dawn. |
| 264 | 1 |
_aGrand Rapids, Michigan : _bWilliam B. Eerdmans Publishing, _c1995. |
|
| 300 |
_a316 páginas ; _c23 centímetros |
||
| 336 |
_atext _2rdacontent |
||
| 337 |
_aunmediated _2rdamedia |
||
| 338 |
_avolume _2rdacarrier |
||
| 504 | _aIncluye bibliografía. | ||
| 505 | 0 | _aOur culture and the church´s worship. -The culture surrounding our worship. -The culture of worship. -The culture in our worship. -Worship for the sake of the culture. | |
| 526 | _aSEG42 | ||
| 526 | _aSEG41 | ||
| 526 | _aSEG40 | ||
| 526 | _aSEG39 | ||
| 526 | _aP94 | ||
| 526 | _aP87 | ||
| 526 | _aP86 | ||
| 526 | _aP85 | ||
| 526 | _aP77 | ||
| 526 | _aP76 | ||
| 526 | _aP35 | ||
| 650 | 0 | 4 |
_aCristianismo y cultura. _91358 |
| 650 | 0 | 4 |
_aCulto y adoración públicos _xTEOLOGIA. |
| 942 |
_2ddc _cBOOK |
||
| 949 |
_a264 D33 _wDEWEY _c1 _i42585 _lCCODEBUL1 _mBUL _r0 _sY _tBOOK _u2015-6-16 _xTEOLOGIA _zUNKNOWN _0COMPRA _o.STAFF. Colección General |
||
| 949 |
_a264.001 D33 _wDEWEY _c1 _i51460 _lCCODEBUL1 _mBUL _p12.00 _r0 _sY _tBOOK _u2015-6-24 _xTEOLOGIA _PP35 _0COMPRA _o.STAFF. Colección General |
||
| 994 |
_aC0 _bPEPRU |
||
| 596 | _a1 | ||
| 999 |
_a264 D33 _wDEWEY _c60421 _i42585 _d60421 _f2021-11-10 _g5 _lCCODEBUL1 _mBUL _q1 _r0 _sY _tBOOK _u2015-6-16 _xTEOLOGIA _zUNKNOWN _0COMPRA _o.STAFF. Colección General |
||
| 999 |
_a264.001 D33 _wDEWEY _c1 _i51460 _d2019-2-6 _f2021-11-10 _g5 _lCCODEBUL1 _mBUL _p12.00 _q1 _r0 _sY _tBOOK _u2015-6-24 _xTEOLOGIA _PP35 _0COMPRA _o.STAFF. Colección General |
||
| 980 |
_81 _gALBERTO SANCHEZ Responsable de Automatización |
||